000 01007nas a2200313 4500
001 BR0702621
003 BR-BrBNA
005 20231205110815.0
007 ta
008 230509b bl.|||p| |||| 00| 00por d
040 _aBR-BrBNA
_bpor
_cBiblioteca Nacional de Agricultura
041 _a(En)
072 _aL50; L70
100 1 _aTeixeira-Neto, A.R.
100 1 _aFerraz, G. de C.
100 1 _aD'Angelis, F.H. de F.
100 1 _aLacerda-Neto, J.C. de
100 1 _aQueiroz-Neto, A. de
245 1 _aExercise intensity, but not electrolyte reposition, alters plasmatic cortisol and glucose levels of horses submetted to 30 and 60km distance endurance rides
650 _aEQUINO
650 _aCAVALO DE CORRIDA
650 _aPLASMA
650 _aGLICOSE
650 _aPERFORMANCE
650 _aBIOQUÍMICA ANIMAL
773 0 _tCiência Rural (Brazil)
_xISSN 0103-8478
_g(May-Jun 2007), v. 37(3) p. 740-743
_wBR0702621
909 _a202311
_bLúcia
_c55
_dLúcia Elande
942 _2AGRIS
_n0
_cANA
999 _c189160
_d189160